| 000 | 00698cam a22001937a 4500 | ||
|---|---|---|---|
| 008 | 180718b1979 xxu||||| |||| 00| 0 eng d | ||
| 020 | _a0139395385 | ||
| 082 | _aB73x73 ST71 | ||
| 100 | _aStone, Clarence N. | ||
| 245 |
_aUrban policy and politics: in a bureaucratic age _cby Clarence N. Stone, Robert K. Whelan and William J. Murin |
||
| 260 |
_aEnglewood-Hall _bEnglewood Cliffs _c1979 |
||
| 300 | _axiv, 399p | ||
| 650 | _aPolitical participation -United States. | ||
| 650 | _aMunicipal services -United States | ||
| 650 | _aMunicipal officials and employees -United States | ||
| 650 | _aMunicipal government -United States | ||
| 700 | _aMurtin, William J. | ||
| 700 | _aWhelan, Robert K. | ||
| 999 |
_c409168 _d409168 |
||